00334 a2200109 4500001000900000005001700009008004100026245003400067100003400101773007200135999001700207ART_751420260410161720.0260409a 10aLa tesis en el saber contable1 aGarcía Casella, Carlos Luis0 tContabilidad y auditoríag- Año 11, Nº 21 (jun. 2005)wREV1723 c16881d16881